| 000 | 00961cam a2200253 4500 | ||
|---|---|---|---|
| 001 | WB3604-12 | ||
| 008 | 000000n2000 000 0 eng u | ||
| 035 | _a(Sirsi) u103789 | ||
| 245 | _aRICS announces new link with universities | ||
| 260 | _c2000 | ||
| 490 |
_aRICS Press Release _v(011) 25 January 2000 |
||
| 490 |
_aFinancial Times _v 25 January 2000, 2(4) |
||
| 520 | _aThe RICS has developed its relationship with UK universities as part of its ongoing reform, Agenda for Change. Increased investment, by the RICS in promoting a positive image of the profession will be partnered by universities meeting four criteria laid out by the institution. | ||
| 590 | _aWB | ||
| 650 | _aCAREERS, EDUCATION AND TRAINING | ||
| 650 | _aAGENDA FOR CHANGE | ||
| 650 | _aUNIVERSITIES | ||
| 650 | _aPARTNERING | ||
| 650 | _aEDUCATION POLICY | ||
| 650 | _aUNIVERSITY COURSES | ||
| 650 | _aRICS | ||
| 690 | _aCAREERS, EDUCATION AND TRAINING | ||
| 942 | _n0 | ||
| 999 |
_c62323 _d62323 |
||